| 000 | 01148cam a2200325 i 4500 | ||
|---|---|---|---|
| 999 |
_c200459514 _d77726 |
||
| 003 | TR-AnTOB | ||
| 005 | 20240220182341.0 | ||
| 007 | ta | ||
| 008 | 240220s2022 tu 001 0 tur d | ||
| 020 | _a9789750280993 | ||
| 040 |
_aTR-AnTOB _beng _erda _cTR-AnTOB |
||
| 041 | 0 | _atur | |
| 050 | 4 |
_aKKX3927 _b.S2754 2022 |
|
| 090 |
_aKKX3927 _b.S2754 2022 |
||
| 100 | 1 |
_aSarıgül, Ali Tanju _eauthor _9117837 |
|
| 245 | 1 | 0 |
_aSuça iştirak / _cDr. Öğr. Üyesi Ali Tanju Sarıgül. |
| 250 | _aBirinci Baskı | ||
| 264 | 1 |
_aAnkara : _bSeçkin Yayıncılık, _c2022. |
|
| 300 |
_a360 pages ; _c24 cm |
||
| 336 |
_atext _btxt _2rdacontent |
||
| 337 |
_aunmediated _bn _2rdamedia |
||
| 338 |
_avolume _bnc _2rdacarrier |
||
| 490 | 0 |
_aSeçkin | Hukuk ; _v3212 |
|
| 504 | _aBIBINDX | ||
| 505 | _aSuça İştirak Kavramı -- Faillik, Azmettirme ve Yardım Etmenin Kavramsal Temelleri -- Sınırlı Bağlılık Kuralının Gerekleri -- Nitelikli Hallerin Suç Ortaklarına Sirayeti. | ||
| 650 | 7 |
_aCeza hukuku _zTürkiye _2etuturkob _948989 |
|
| 650 | 7 |
_aSuç ortakları _zTürkiye _2etuturkob _9121879 |
|
| 942 |
_2lcc _cBK |
||